000 00476nam a2200181Ia 4500
001 10492
005 20260306161836.0
008 260306t1975||||xx |||||||||||||| ||spa||
041 _aESP
082 _a937.06
_bT77
100 _aTovar, A.
_eAUT
245 0 _aHistoria de la Hispania Romana:
_bla Península Ibérica desde 218 a. C. hasta el siglo V
260 _c1975
300 _a383 páginas :
_c18 cm.
650 _aGEN
654 _aCHU
942 _cLIB
_dJUS
_fJUS
_2ddc
_n
999 _c10492
_d10492